|
|
|
|
| LEADER |
01039nam a2200277 a 4500 |
| 001 |
13863277 |
| 008 |
120917s2006 nyu 001 0 eng d |
| 010 |
|
|
|a 2005295518
|
| 020 |
|
|
|a 1844132978
|
| 020 |
|
|
|a 9781844132973
|
| 040 |
|
|
|a BKL
|c BKL
|d DLC
|d BD-DhAAL
|
| 082 |
0 |
0 |
|a 201/.7273
|2 22
|
| 100 |
1 |
|
|a Chopra, Deepak.
|
| 245 |
1 |
0 |
|a Peace is the way :
|b bringing war and violence to an end /
|c Deepak Chopra.
|
| 250 |
|
|
|a 1st ed.
|
| 260 |
|
|
|a New York :
|b Harmony Books ;
|a London :
|b Rider,
|c 2006.
|
| 300 |
|
|
|a xxii, 263 p. ;
|c 25 cm.
|
| 500 |
|
|
|a Includes index.
|
| 541 |
|
|
|a 00025937
|
| 650 |
|
0 |
|a Peace
|x Religious aspects.
|
| 650 |
|
0 |
|a War
|x Religious aspects.
|
| 650 |
|
0 |
|a Violence
|x Religious aspects.
|
| 650 |
|
0 |
|a Conflict management
|x Religious aspects.
|
| 852 |
1 |
|
|a Ayesha Abed Library
|j General shelf
|
| 999 |
|
|
|c 12839
|d 12839
|
| 952 |
|
|
|0 0
|1 0
|4 0
|6 201_727300000000000_CHO
|7 0
|9 21125
|a BRACUL
|b BRACUL
|c GEN
|d 2012-09-17
|e Karim International
|g 805.00
|l 8
|m 57
|o 201.7273 CHO
|p 3010025937
|q 2026-06-02
|r 2026-03-07
|s 2026-03-07
|t 1
|w 2012-09-17
|y BK
|